DPH 2004 : novela v příkladech /

Hlavní autor: Galočík, Svatopluk, 1948-
Jazyk: Čeština
Vydáno: Praha : Grada, 2004
Vydání: 1. vyd.
Edice: Účetnictví a daně (Grada)
Témata:
Externí odkaz: Digitalizovaný dokument
Fyzický popis: 108 s. ; 21 cm
Knihy
Uloženo v:
LEADER 01366nam a2200385 a 4500
001 000700533
003 CZ BrMZK
005 20100923084020.0
007 ta
008 031216s2004 xr e f 000 0 cze d
015 |a cnb001295838 
020 |a 80-247-0728-4  |q (brož.) 
035 |a (OCoLC)56870125 
040 |a BOA001  |b cze 
043 |a e-xr--- 
072 7 |a 336.1/.5  |x Veřejné finance  |2 Konspekt  |9 4 
080 |a 336.226.322  |2 MRF 
080 |a (437.3)  |2 MRF 
080 |a (035)  |2 MRF 
100 1 |a Galočík, Svatopluk,  |d 1948-  |7 jn19990218025  |4 aut 
245 1 0 |a DPH 2004 :  |b novela v příkladech /  |c Svatopluk Galočík 
246 3 3 |a DPH 2004 - novela v příkladech 
250 |a 1. vyd. 
260 |a Praha :  |b Grada,  |c 2004 
300 |a 108 s. ;  |c 21 cm 
490 1 |a Účetnictví a daně 
500 |a Novela platná do vstupu do EU 
500 |a Dostupné též v digitální podobě v aplikaci Kramerius 
650 0 7 |a daň z přidané hodnoty  |7 ph119339  |z Česko  |2 czenas 
655 7 |a příručky  |7 fd133209  |2 czenas 
830 0 |a Účetnictví a daně (Grada)  |0 s 
856 4 1 |u http://www.digitalniknihovna.cz/mzk/uuid/uuid:012b2d50-592f-11e5-bc53-005056827e52  |y Digitalizovaný dokument  |x NDK 
910 |a BOA001  |b 2-1128.150 
990 |a BK 
996 6 |b 2610209047  |c 2-1128.150  |l MZK  |r Sklad / do 1 hodiny  |n 1  |p p.v.  |w 000700533  |u 000010  |a 1  |e BOA001  |j MZK50  |s P